اغتيال العقل: (Record no. 12427)
[ view plain ]
| 000 -الفاتح | |
|---|---|
| حقل البيانات ثابتة الطول | 00770nam a22001697a 4500 |
| 008 - عناصر البيانات ثابتة الطول - معلومات عامة | |
| حقل البيانات ثابتة الطول | 090727t xxu||||| |||| 00| 0 ara d |
| 020 ## - الرقم الدولى المعيارى للكتب | |
| الرقم الدولى المعيارى للكتاب | 9953680221 |
| 082 ## - رقم تصنيف ديوى العشرى | |
| رقم الطبعة | 22 |
| رقم التصنيف | 306.089 |
| رقم المادة | غ ل ى |
| 100 1# - المدخل الرئيسى - إسم شخصى | |
| 9 (RLIN) | 8072 |
| الإسم الشخصى | برهان ، غليون |
| 245 10 - بيان العنوان | |
| العنوان | اغتيال العقل: |
| بقية العنوان | محنة الثقافة العربية بين السلفية والتبعية/ |
| بيان المسئوليه,etc | برهان غليون |
| 250 ## - بيان الطبعة | |
| بيان الطبعة | ط 4. |
| 260 ## - PUBLICATION, DISTRIBUTION, ETC. (IMPRINT) | |
| مكان الناشر او الموزع | المغرب: |
| اسم الناشر او الموزع | المركز الثقافى العربى، |
| تاريخ النشر أو التوزيع | 2006 |
| 300 ## - الوصف المادى | |
| التعداد | 319 ص ؛ |
| أبعاد الوعاء | 24 سم |
| 650 ## - المدخل الاضافى بالموضوع-مصطلح موضوعى | |
| 9 (RLIN) | 8082 |
| مصطلح موضوعي أو اسم جغرافي كعنصر مدخل | الثقافة العربية |
| 942 ## - عناصر المدخل الإضافي( كوها) | |
| مصدر التصنيف او مخطط الترفيف | Dewey Decimal Classification |
| Koha [default] item type | Book - Borrowing |
| حالة التراجع | حالة الفقد | مصدر التصنيف او خطة الترفيف | حالة تلف | ليس للاعارة | مجموعات كوها | المكان الدائم | المكان الحالي | موقع الترفيف | تاريخ الاكتساب | Source of acquisition | سعر الشراء الطبيعي | تعداد مسلسل / التسلسل الزمني | رقم الاستدعاء | الباركود | Date last seen | مُعار | نوع الوعاء |
|---|---|---|---|---|---|---|---|---|---|---|---|---|---|---|---|---|---|
| Dewey Decimal Classification | Madboly | Central Library | Central Library | First floor | 27/07/2009 | 60.00 | 2358 | 306.089 بره | 000017611 | 15/07/2025 | 23/02/2014 | Book - Borrowing |